[Event "Morelia/Linares"]
[Site "?"]
[Date "2006.02.18"]
[Round "1"]
[White "Svidler, Peter"]
[Black "Topalov, Veselin"]
[Result "1-0"]
[WhiteElo "2765"]
[BlackElo "2801"]
[Annotator "Rogers, I"]
[PlyCount "133"]
[EventDate "2006.02.??"]
[EventType "tourn"]
[EventRounds "14"]
[EventCountry "MEX"]
[Source "EDAMI"]
[SourceDate "2006.12.20"]

1. e4 e5 2. Nf3 Nc6 3. Bb5 Nf6 4. O-O Nxe4 5. d4 Nd6 6. Bxc6 dxc6 7. dxe5 Nf5
8. Qxd8+ Kxd8 9. Nc3 Ne7 10. h3 Ng6 11. Bg5+ Ke8 12. Rad1 Bd7 13. Nd4 {
Judit Polgar eligió el plan de doblar torres en la columna "d" contra Topalov
en Sofia 2005 pero no consiguió nadatras} (13. Rd2 Be6 14. Rfd1 Be7) 13... h6
14. Be3 h5 {La primera jugada nueva} (14... Nxe5 15. Bf4 {
es preferible para las blancas, pero}) (14... Bb4 15. f4 Bxc3 16. bxc3 c5 17.
Ne2 b6 {
funcionó bien para las negras en una partida del 2002 entre Shirov y Almasi.})
15. f4 h4 {#} 16. f5 $5 {Svidler estaba muy divertido cuando supo que los
comentariastas describieron este sacrificio como una fina pieza de la
preparación en la apertura. "!No me conocen lo suficiente para saber que yo no
juego sacrificios preparados!" dijo Svidler, quien admitió que él quedó fuera
de su preparación tras la jugada 13.} Nxe5 17. f6 $1 Rh5 18. Ne4 g6 {
Ahora las blancas pueden mantener su peón en f6. Svidler cree que} (18... b6 {
era más flexible.}) 19. Bf4 c5 20. Nf3 {Simple y fuerte, pero} (20. Ne2 $5 {
podía ser incluso mejor, planteando la amenaza de 21.g4! - un tema omitido por
Kasparov en su match por el título mundial frente a Kramnik en el 2000 pero
del que también Svidler quedó sorprendido al no advertirlo.}) 20... Nxf3+ 21.
Rxf3 Be6 22. Rfd3 c4 $1 23. R3d2 {Los jugadores difirieron ampliamente en su
opinión de esta jugada. Topalov creía que ahora las negras tienen motivos para
jugar a ganar, pensando que las blancas debían ir a buscar las tablas con} (23.
Rd4 c6 ({Svidler creyó que las negras podían jugar} 23... Bc5 {
pero se le escapó que tras} 24. Nxc5 Rxc5 25. Bxc7 $1 Rxc7 26. Rxh4 {
las negras reciben mate.}) 24. Nd6+ Bxd6 25. Bxd6 {aunque aquí sólo las negras
pueden jugar a ganar, por lo que Svidler estaba muy satisfecho de buscar sus
posibilidades con más piezas sobre el tablero.}) 23... c6 24. Ng5 Bc5+ 25. Kh2
Bd5 {#} 26. Re2+ Kf8 $2 {La jugada obvia, pero es el primer error serio de las
negras en esta partida. Después de} (26... Kd7 $1 {Topalov tal vez temía} 27.
Nxf7 (27. Rde1 Rf8 28. Re7+ Bxe7 29. Rxe7+ Kc8 30. Rc7+ Kd8 31. Rxb7 {
parece atractiva, pero tras} Re8 $1 {
las blancas no tienen nada mejor que las tablas con} 32. Rb8+ Kd7 33. Rb7+)
27... Rf8 28. Ne5+ Kc8 29. Ng4 {pero Svidler consideró semejantes temores
infundados. Las blancas han recuperado su peón con intereses pero  "El alfil
negro en d5 es una pieza maravillosa. Creo que la posición sólo es igualada"
dijo Svidler.}) 27. Rde1 b5 {Es difícil imaginar que la estructura de los
peones del flanco de dama va a decidir la partida, pero esta 'saludable'
jugada puede ser un error.} (27... c3 $1 28. b3 {
deja una debilidad en c3 pero no es fácil para las blancas atacarla.}) 28. c3
$1 a5 29. a3 Rc8 (29... b4 30. a4 {
sólo consigue dejar el peón en a5 como una debilidad.}) 30. g4 {
La idea correcta, pero tras la partida Svidler se lamentaba por no jugar} (30.
Re5 $1 {antes, evitando la ingeniosa defensa de  Topalov. Nótese que las
negras no pueden responder a 30.Re5 con} Bd6 $2 {debido a} 31. Re8+ $1) 30...
hxg3+ 31. Kxg3 Be6 $1 {A primera vista no es evidente que las negras tengan
que tomar medidas tan  radicales, pero Topalov vio que las blancas tienen un
plan devastador: h4, Bc7! seguido de Ba5-b4, ya que cuando los alfiles de
casillas negras desaparezcan del tablero, las blancas pueden invadir
decisivamente por e7.  Ahora, acercándose el control de tiempo, Svidler tiene
que empezar a calcular el mejor modo de recuperar el peón sin perder su
ventaja posicional.} 32. h4 $1 Kg8 33. Re5 $1 Bf8 {
Ambos jugadores consideraron que ésta es la mejor defensa, valorando que tras}
(33... Bd6 34. Rxe6 $1 Bxf4+ 35. Kxf4 fxe6 36. Kg4 $1 {
las torres de las negras serían inútiles. Svidler había calculado} Kf8 37. Rxe6
Rc7 38. Rd6 Ke8 39. Ne6 {
y aquí terminó sus cálculos, pero de hecho los finales de torre tras} Rch7 {
no son del todo convincentes, por ejemplo} 40. Ng7+ (40. Rd8+ Kf7 41. Ng5+ Kxf6
42. Nxh7+ Rxh7 43. Rd6+ Kf7 44. Rxc6 Rh5 {son sólo tablas.}) 40... Kf7 41. Nxh5
Rxh5 42. Rxc6 a4 $1 {y las blancas no pueden hacer progresos.  Sin embargo la
valoración de los jugadores no estaba tan desencaminada.  En lugar de 39.Ne6,
ideas como 39.a4!? harían la posición de las negras muy desagradable.}) 34.
Nxe6 ({Svidler rechazó} 34. Rxe6 {debido a la réplica} Rxg5+ 35. hxg5 fxe6 {
, omitiendo que} 36. Rd1 $1 {da a las blancas una posición ganadora. Sin
embargo, luego se sintió aliviado al descubrir que 34...fxe6 35.Rd1 Bh6!
estaba bien para las negras, por ejemplo  36.f7+ Kf8 37.Rd7? Bxg5 38.Bd6+ Be7!
!y es el negro el que gana!}) 34... fxe6 (34... Rxe5 35. Bxe5 fxe6 36. Rd1 {
es desesperado para las negras.}) 35. Rd1 $1 Rh7 36. Rxe6 $6 {
Ahora Topalov puede respirar un poco. Él esperaba} (36. Rg5 $1 {
y las negras no tienen recursos.}) 36... Rb7 37. Re4 Kf7 38. Bg5 Re8 39. Rxe8
Kxe8 40. Kg4 Rh7 $6 {Ahora la torre negra queda cortada del flanco de dama, un
factor que es aprovechado de inmediato por Svidler, quien esperaba} (40... Kf7
41. Rd8 b4 $1 {Ahora las blancas pueden ganar un peón con} 42. axb4 axb4 43.
Rd4 {pero Svidler no estaba del todo seguro que las blancas pudieran ganar el
final de alfiles que se produce tras} bxc3 44. bxc3 Rb5 45. Rxc4 Rc5 {
Una vez alcanzado el control de tiempo, Svidler se preparaba a decidirse entre
esta línea y un plan basado en h5, que da a las blancas posibilidades de
victoria, cuando de pronto, Topalov le dio otra opción.}) 41. Re1+ Kd7 42. a4
$1 bxa4 {Jugado con hondo pesar, pero} (42... Bd6 43. Ra1 {
es también desagradable para las negras.}) 43. Re5 c5 44. Bf4 $1 Rh8 45. Bg3 {
Svidler omitió la jugada 48 de Topalov y pensaba que esta continuación ganaba
fácilmente. Él vioque} (45. h5 gxh5+ 46. Rxh5 Rg8+ 47. Rg5 Rh8 48. Kf5 {
debía ganar también para las blancas, pero pensó que la línea elegida era
incluso más decisiva.}) 45... Bh6 46. Re7+ Kc6 47. Bf4 $1 (47. f7 {
parece tentadora, pero tras} Rf8 48. Be5 Kd5 49. h5 gxh5+ 50. Kxh5 Bc1 $1 {
las blancas pueden ganar una torre, pero el negro consigue un peón que será
muy difícil de parar.}) 47... Bxf4 48. Kxf4 {#} Rh5 $1 ({
Svidler había calculado} 48... Rxh4+ 49. Ke5 $1 Rh5+ 50. Ke6 Rh2 51. f7 Rxb2 $5
52. Rc7+ $1 Kxc7 53. f8=Q {donde los peones de las negras caerán pronto. Sin
embargo, la jugada de Topalov supuso un shock para Svidler que se dio cuenta
de que tenía que empezar a ganar la partida de nuevo.}) 49. Re5 $3 Rxh4+ 50.
Kg5 $1 Rh5+ 51. Kxg6 Rxe5 52. f7 Re6+ 53. Kg5 Re5+ ({La inmediata} 53... a3 {
obliga a las blancas a encontrar un método ganador ligeramente diferente:} 54.
bxa3 Re5+ 55. Kg4 Re4+ 56. Kf3 $1 Re1 57. Kf2) 54. Kg4 Re4+ 55. Kg3 Re3+ 56.
Kf2 a3 57. f8=Q {#} axb2 {A primera vista esto parece equivalente al abandono,
pero de hecho Topalov está preparando una sorprendente serie de trucos.  Por
la noche, tras la partida, Svidler vio un plan incluso más ingenioso,
empezando con} (57... a2 $5 {
donde si las blancas para el peón de la forma más obvia -} 58. Qa8+ (58. Qc8+
Kb6 59. Qd8+ Kc6 60. Qd1 $1) 58... Kb5 59. Qh1 {
- las negras obtienen una sensacional salvación con} Rh3 $1 60. Qa1 a4 $1 61.
Qxa2 Rh1 $1 {Esta posición son tablas posicionales - la dama no puede escapar
y la torre no puede ser expulsada de la primera fila.   Svidler también
encontró la forma correcta de jugar para el blanco tras  57...a2, es decir. 58.
Qc8+ Kb6 59.Qd8+ Kc6 60.Qd1!, pero se preguntaba si hubiese estado lo
suficientemente alerta para evitar, tras casi seis horas de lucha, las tablas
posicionales.}) 58. Qc8+ Kb5 59. Qb7+ Ka4 60. Kxe3 $1 {
El primer truco de Topalov ha sido visto y evitado} (60. Qxb2 $2 {permite} Rf3+
$1 {con jaque continuo de la torre, que no puede ser capturada por el ahogado.}
) 60... Ka3 {#} 61. Qb5 $1 {
La mayoría de los jugadores habrían acercado automáticamente su rey, pero tras}
(61. Kd2 $2 a4 $3 {resulta que las blancas no pueden impedir que las negras se
ahoguen con 62...b1(Q)!.}) 61... a4 62. Qxc5+ Kb3 63. Qb4+ Kc2 64. Qxa4+ Kxc3 {
#} 65. Qa5+ $1 {Cuidadoso hasta el final. Era fácil relajarse y jugar} (65. Qb5
$2 {, permitiendo} b1=Q $3 {con otro ahogado más después de} 66. Qxb1) ({
La jugada de la partida es la más precisa, aunque también} 65. Qa3+ Kc2 66. Qa2
c3 67. Kd4 $1 {hubiera ganado para las blancas.}) 65... Kc2 66. Qf5+ Kc1 67.
Qf1+ {Una gran victoria contra una defensa heroica del Campeón mundial de la
FIDE. "Esta partida es un monstruo de la naturaleza" dijo Svidler. "Este tipo
[Topalov] casi nunca pierde."} 1-0

[Event "Morelia/Linares"]
[Site "?"]
[Date "2006.02.19"]
[Round "2"]
[White "Leko, Peter"]
[Black "Radjabov, Teimour"]
[Result "1-0"]
[WhiteElo "2740"]
[BlackElo "2700"]
[Annotator "Rogers, I"]
[PlyCount "89"]
[EventDate "2006.02.??"]
[EventType "tourn"]
[EventRounds "14"]
[EventCountry "MEX"]
[Source "EDAMI"]
[SourceDate "2006.12.20"]

1. e4 c5 2. Nf3 Nc6 3. d4 cxd4 4. Nxd4 Nf6 5. Nc3 e5 6. Ndb5 d6 7. Bg5 a6 8.
Na3 b5 9. Nd5 Be7 10. Bxf6 Bxf6 11. c3 O-O 12. Nc2 Bg5 13. a4 bxa4 14. Rxa4 a5
15. Bc4 Rb8 16. b3 {Por un tiempo, la mayoría de jugadores preferían} (16. Ra2
{, esperando seguir los cauces de una partida Ponomariov-Kramnik donde la
torre de a2 encontró un camino hacia la columna "h", a través de la segunda
fila, !en menos de otras 10 jugadas!  Sin embargo, el péndulo está ahora
comenzando a inclinarse hacia la menos optimista, pero posicionalmente muy
correcta, jugada del texto.}) 16... Kh8 17. Nce3 Be6 18. h4 $5 Bf4 {#} 19. Nf5
$1 g6 {Forzada, según Leko, pero ahora las negras siempre deben tener en
cuenta el avance h4-h5.} 20. Nfe3 ({Leko rechazó} 20. Nxf4 {debido a} exf4 $1 (
20... Bxf5 21. exf5 exf4 22. O-O Ne5 23. Bd5 Qxh4 24. g3 {
era la clase de variante que Leko buscaba.}) 21. Nd4 Bd7 {donde la torre en a4
resulta estar mal colocada y el caballo negro se dirige a e5.}) 20... Kg7 {
Radjabov admitió que no quería hacer esta jugada, pero no le gustaban las
posiciones derivadas, tanto despuésde} (20... Ne7 21. h5 Nxd5 22. Nxd5 {como de
}) (20... Bxe3 21. Nxe3 Bxc4 22. Rxc4 Ne7 23. h5 {
donde el húngaro tendría el tipo de ataque que estaba buscando.}) ({
Leko esperaba} 20... h5 21. g3 Bh6 22. O-O {pero Radjabov rechazó esto porque
haría el avance ...f5 difícil de realizar. (Las negras quieren recapturar con
el peón si las blancas responden a ... f5 con exf5, pero aquí, esto dejaría
colgando el peón en h5.)}) 21. g3 {Una típica elección tranquila de Leko} ({
Contra} 21. h5 {Radjabov quería jugar} Bh6 $1 {, con idea de 22...Qg5, y no es
claro que las blancas tengan ninguna ventaja, por ejemplo:} 22. g3 f5 23. hxg6
hxg6 24. exf5 gxf5 25. Qh5 Qg5 26. Nc7 Bd7 {y "es un puro lío" dijo Leko.})
21... Bh6 22. Ng4 f5 23. Nxh6 Kxh6 24. h5 ({La intención original de Leko era} 
24. Ne3 {pero empezó a sentirse inseguro al ver el contrajuego negro tras} f4
25. Bxe6 fxe3 26. Qc1 Qb6 {Pero de hecho, Radjabov intentaba responder de
forma muy diferente: 24...Bxc4 25.Rxc4 Ne7 26.h5 g5 y la columna "h" se
mantiene cerrada.}) 24... g5 25. exf5 Bxf5 26. Ne3 Bc8 ({
Radjabov hubiera preferido la más activa} 26... Be4 {
pero se dio cuenta que tras} 27. O-O Ne7 {
las blancas tienen el inesperado golpe táctico} 28. Rxa5 $1) 27. Ra2 {
"Creo que esto es muy fuerte" comentó Leko. "Si tu juegas 27...Rf6 siempre
tendré 28.Nd5 y 29.Rd2."} Ne7 28. O-O {Leko estuvo muy tentado por} (28. Rxa5
$5 d5 $1 29. Rxd5 Nxd5 30. Bxd5 {, que era lo que Radjabov esperaba, pero no
vio ninguna razón para entregar material en lugar de ganarlo.}) 28... Rf6 29.
Qe2 Qb6 30. Rfa1 {Ahora el peón "a" no puede defenderse y la única esperanza
de las negras reside en disponer una batería por la gran diagonal.} Qc6 31.
Rxa5 Bb7 {#} 32. Bd5 $1 Nxd5 33. Rxd5 $1 Qxc3 {
Igualar el material es la única esperanza.} (33... Kg7 34. c4 {
"es desde luego, completamente ganador" dijo Radjabov.}) 34. Ng4+ {
Ambos jugadores pensaron que éste era el único camino hacia la victoria, pues}
(34. Ra7 $5 {permitiría} Bc8 ({pero no} 34... Bxd5 $2 35. Ng4+) {
Sin embargo, ninguno de los dos advirtió la espectacular continuación} 35. Qf3
$3 {que decide de inmediato, ya que} Rxf3 {se responde con} 36. Rxd6+ Kxh5 37.
Rxh7#) 34... Kg7 35. Ra7 $1 Re6 (35... Qf3 {
lleva a una clavada mortal después de} 36. Qxf3 Rxf3 37. Rb5 $1 Rf7 38. Ne3 {
ya que incluso el truco} Kh6 $5 {, intentando mover el alfil, falla por} 39. g4
{y, como señaló Radjabov, las blancas amenazan capturar dos veces en b7 y
jugar Nf5 !mate!}) ({Leko pensaba que la mejor defensa de las negras era} 35...
Qc1+ 36. Kh2 Qc6 (36... Rf7 37. Rxb7 Rfxb7 38. Rxd6 Qc5 39. Qd2 {
es una inferior versión de la partida}) {
hasta que Radjabov mostró la bonita variante} 37. Nxf6 Kxf6 38. Qf3+ Ke6 39.
Rxb7 $1 Qxb7 40. Qg4+ $3 Kxd5 41. Qc4#) 36. Qc4 $1 Qe1+ {#} 37. Kg2 $1 {
Colocándose bajo la clavada, pero Leko no planea dejar el alfil sobrevivir por
mucho tiempo.} Re7 38. Rxb7 $1 Rexb7 39. Rxd6 Rf8 40. h6+ {
Las blancas tienen una variedad de métodos para ganar, siendo} (40. Qd5 Rbf7
41. h6+ Kh8 42. Qxf7 $1 {el más rápido. Pero Leko no estaba preocupado - "El
caballo en g4 es simplemente demasiado fuerte" dijo.}) 40... Kh8 41. Qd5 Rbb8 (
{Las negras deben evitar} 41... Rbf7 42. Qxf7 $1 {En todo caso ninguno de los
jugadores parecieron muy preocupados por las últimas jugadas. Radjabov estaba
convencido de que su posición era simplemente perdedora y Leko estuvo de
acuerdo, repitiendo, "El caballo en g4 es demasiado fuerte."}) 42. Qd3 Qb4 43.
Rd7 e4 44. Qd5 Rb5 {#} 45. Nf6 $1 {Terminando en bello estilo. Tras} (45. Nf6
Rxf6 46. Rd8+ Rf8 {las blancas tienen la encantadora} 47. Qd4+ $3 Qxd4 48.
Rxf8#) 1-0

[Event "Morelia/Linares"]
[Site "?"]
[Date "2006.02.23"]
[Round "5"]
[White "Aronian, Levon"]
[Black "Svidler, Peter"]
[Result "1-0"]
[WhiteElo "2752"]
[BlackElo "2765"]
[Annotator "Rogers, I"]
[PlyCount "75"]
[EventDate "2006.02.??"]
[EventType "tourn"]
[EventRounds "14"]
[EventCountry "MEX"]
[Source "EDAMI"]
[SourceDate "2006.12.20"]

1. d4 Nf6 2. c4 g6 3. Nc3 d5 4. Bg5 Ne4 5. Bh4 c5 6. cxd5 Nxc3 7. bxc3 Qxd5 8.
e3 cxd4 9. Qxd4 Qxd4 10. cxd4 e6 $1 {El plan igualador en esta posición, bien
conocido desde los años setenta. Muchos jugadores han puesto su alfil en g7
automáticamente, sólo para descubrir luego que no pueden enrocar, mientars las
blancas tienen un plan fácil con Nf3, Bb5, 0-0, Rfc1 y Rab1.} 11. Rb1 Be7 12.
Bxe7 Kxe7 13. Bd3 {Una nueva idea en una posición donde las blancas usualmente
gastaban tiempo en 13.g3 y 14.Bg2.} Nc6 14. Nf3 b6 15. Ke2 Bb7 16. Rhc1 Rhc8
17. g4 {Una típica maniobra para ganar espacio. A Svidler no pareció que le
importase demasiado.} h6 18. h4 Na5 19. g5 hxg5 20. hxg5 Rxc1 {
Aronian estaba preocupado por} (20... Bd5 {buscando actividad tras} 21. a3 Ba2
$1 22. Rxc8 (22. Ra1 Nb3 $1) 22... Rxc8 23. Rh1 Nb3 {"?Por qué tengo que hacer
eso?" replicó Svidler. "En cuanto cambie todas las torres, esos finales deben
ser tablas."}) 21. Rxc1 Rc8 22. Rxc8 Bxc8 23. Ne5 Bb7 24. a3 Nc6 25. Ng4 Nb8
26. Kd2 Bc6 27. Kc3 Nd7 28. f4 a5 29. e4 b5 30. Bc2 f5 $2 {Svidler, de modo
completamente innecesario, intenta forzar los acontecimientos pero solamente
consigue entrar en un final de alfiles extremadamente difícil, quizá perdido.}
({Svidler se planteaba de qué modo las blancas hubieran tenido una ventaja
seria tras} 30... Nb6 31. Ne5 Be8 {y Aronian no intentó muy a fondo romper las
defensas de las negras. Si un experto en la Grunfeld como Svidler pensó que
semejante final, típico de dicha defensa, debía ser tablas ?quién era él para
disentir?}) ({Incluso así, la elección de Svidler en la partida es un error
por una segunda razón: da a las blancas una opción adicional comparada con} 
30... f6) 31. exf5 $1 (31. gxf6+ Nxf6 32. Nxf6 Kxf6 {
es probablemente defendible para las negras, por ejemplo} 33. d5 $5 exd5 34.
e5+ Kf7 35. Kd4 b4 36. axb4 axb4 37. Kc5 Bd7 38. Kxb4 (38. Kd6 Bg4) 38... g5 $1
39. f5 g4 {y las blancas no tienen nada.}) 31... exf5 32. Ne5 Nxe5 33. dxe5 b4+
$1 {No hay razón para esperar a que el rey blanco llegue a c5 antes de
entregar el peón.} 34. axb4 axb4+ 35. Kxb4 Bd7 {
Dirigiéndose al camino equivocado al mantenerse en una diagonal corta.} 36. Bb3
Bc6 37. Kc5 {#} Be8 $4 {Una sorprendente pifia que pierde inmediatamente. Tras
la partida, los jugadores analizaron} (37... Be4 38. Bg8 Bc2 (38... Kf8 $2 39.
Bd5) 39. Kc6 (39. Bh7 Kf7 40. e6+) 39... Ba4+ 40. Kc7 Bb5 {
tras lo cual Aronian no pudo encontrar nada mejor que} 41. e6 Bc4 42. Bf7 Bxe6
43. Bxg6 {donde ninguno de los jugadores estaba seguro que las blancas
pudieran ganar tras} Bd7 {, previniendo que el rey blanco pueda regresar a e5.
Sin embargo, resulta que esa posición es perdedora para las negras, que no
tienen jugada razonable tras} 44. Bh7 $1 {por ejemplo} Be6 45. Kc6 Bc8 46. Kd5
{donde el rey blanco llega a e5 extremadamente rápido.  Pero esto no es el
final de la historia, pues 39.Kc6 puede ser respondido simplemente con 39...
Kf8! 40.Bh7 Kg7 o 40.Bc4 Ke7.  Esto significa que el plan de Aronian de
colocar su rey en c7 puede no ser suficientemente bueno para ganar y las
blancas deben intentar la mucho más crítica 39.Bh7 Kf7 40.e6+!.  Ahora 40...
Kg7 falla por 41.Kb5! Bd3+ 42.Kc6 Bc2 43.Kd7 Ba4+ 44.Kd8 Kxh7 45.e7 y las
blancas ganan el final de peones.  Así las negras deben jugar 40...Kxe6 41.
Bxg6 llegando a una posición donde las blancas ganan si pueden maniobrar con
su rey a e5.  Extensos análisis de Mihai Marin en ChessBase.com indican que
las blancas pueden tener éxito en su tarea, pero la cuestión pasa a ser
puramente académica tras el terrible despiste de Svidler.}) 38. e6 $1 {
Svidler miró fijamente su posición durante un par de minutos, antes de
resignarse a lo inevitable y rendirse.} 1-0